Košický kraj dostane za povodne osemnásť miliónov

Bibliographic Details
Main Author: (jg) (Author)
Corporate Author: Slovensko. Ministerstvo financií (Author)
Format: Article
Language:Slovak
Subjects:

MARC

LEADER 00000nab a2200000 a 4500
001 vtls000901151
003 SK-MaSNL
005 20260304175654.0
008 040720e19990616xo 0 slo
035 |a KE10135 
040 |a KEVKJB  |b slo  |c KEVKJB  |e AACR2 
041 0 |a slo 
044 |a xo  |c SK 
080 |a 627.51  |2 1981 
100 0 |a (jg)  |4 aut  |9 852125 
245 1 0 |a Košický kraj dostane za povodne osemnásť miliónov 
610 1 7 |a Slovensko.  |b Ministerstvo financií  |2 KEVKJB  |9 13229 
650 0 7 |a povodne  |2 KEVKJB  |9 15273 
650 0 7 |a škody  |2 KEVKJB  |9 276699 
650 0 7 |a odškodnenie  |2 KEVKJB  |9 2667 
651 7 |a Košický samosprávny kraj (Slovensko)  |2 KEVKJB  |9 195425 
651 7 |a KE,  |2 KEVKJB  |9 877256 
655 7 |a periodikum  |2 snkbucl  |9 29553 
710 2 |a Slovensko.  |b Ministerstvo financií  |4 aut  |9 13229 
773 0 8 |t Korzár  |g Roč. 2, č.137, 16.6.1999, s. 3 
852 |a ZVYKNI  |b KIS3GCP 
999 |c 3014632  |d 3016562